Esculturas da Região Autónoma da Madeira (Registo nº 82)

Detalhes MARC
000 -Etiqueta do registo
Cabeçalho 01041cam a2200349 4500
005 - Identificador da versão
Campo de controlo 20240813121754.0
095 ## -
-- PTBN00895058
010 ## - Número internacional normalizado dos livros (ISBN)
Número (ISBN) 9726481074
021 ## - Número do Depósito Legal
Código do país PT
Número 103069/96
035 ## - Other System Control Numbers
System Control Number 0000086
System Control Number 0000086
System Control Number 0000086
System Control Number 0000086
100 ## - Dados gerais de processamento
Dados gerais de processamento 19970513d1996 m b0pory5003 ba
102 ## - Pais de publicação ou produção
País de publicação Portugal
101 0# - Língua de publicação
Língua do texto, banda sonora, etc. Português
106 ## - Campo de dados codificados: material textual
Dados codificados do material textual r
105 ## - Campo de dados codificados: livros
Dados codificados dos livros ac z 001yy
215 ## - Descrição física 
Indicação específica da natureza do documento e extensão da espécie 312, [3] p.
Outras indicações físicas il.
Dimensões 27 cm
200 1# - Titulo e menção de responsabilidade
Título próprio Esculturas da Região Autónoma da Madeira
Informação de outro título inventário
Primeira menção de responsabilidade José de Sainz-Trueva, Nelson Veríssimo
205 ## - Menção da edição
Menção da edição 1ª ed
210 ## - Publicação, Distribuição, etc. 
Lugar da edição, distribuição, etc. Funchal
Nome do editor, distribuidor, etc. Direcção Regional dos Assuntos Culturais
Data da publicação, distribuição, etc. 1996
320 ## - Nota relativa a bibliografia e índices internos 
Texto da nota Bibliografia, p. 301-304
606 ## - Nome comum usado como assunto
Número de registo de entrada de autoridade 0000172
Palavra de ordem Escultura portuguesa
Subdivisão geográfica Madeira (Portugal)
Subdivisão de assunto <[>Inventários]
675 ## - Classificação Decimal Universal (CDU)
Notação 73(=1.469)(469.8)(083.82)
Edição BN
Língua da edição por
701 ## - Nome de autor-pessoa física (co-responsabilidade principal)
Palavra de ordem Veríssimo
Outra parte do nome não tomada para palavra de ordem Nelson
Datas 1955-
Código de função Autor / Co-autor
700 ## - Nome de autor-pessoa física (responsabilidade principal)
Número de registo de entrada de autoridade 0000174
Palavra de ordem Sainz-Trueva
Outra parte do nome não tomada para palavra de ordem José de
966 ## - Identificação da Biblioteca
Sigla NUMETECA
942 ## - Elementos de entrada adicionados (Koha)
Tipo de item no Koha Livro
Exemplares
Situação do levantamento Origin of item (home branch) (coded) Biblioteca de empréstimo Código de barras Cota Circulation type (not for loan) Tipo de documento Nota do exemplar Damaged status
  Biblioteca Escolar Eng. Nuno Mergulhão Biblioteca Escolar Eng. Nuno Mergulhão BENM358 73ESC VER   Livro Sem mensagem